NFL Draft 2019 Quarterbacks Drafted - Statistics

General Stats
  • This quiz has been taken 61 times
  • The average score is 6 of 11
Answer Stats
Round Player Team College % Correct
1 Kyler Murray Cardinals Oklahoma
100%
1 Daniel Jones Giants Duke
96%
1 Dwayne Haskins Redskins Ohio State
71%
2 Drew Lock Broncos Missouri
69%
6 Trace McSorley Ravens Penn State
47%
4 Jarrett Stidham Patriots Auburn
43%
5 Easton Stick Chargers North Dakota State
41%
3 Will Grier Panthers West Virginia
37%
6 Gardner Minshew Jaguars Washington State
31%
4 Ryan Finley Bengals North Carolina State
18%
5 Clayton Thorson Eagles Northwestern
8%
No matching quizzes found
Score Distribution
Percent of People with Each Score
Percentile by Number Answered
Your Score History
You have not taken this quiz